Rozpoznávanie predmetov pre čistiaci robot s využitím knižnice OpenCV

Salvato in:
Dettagli Bibliografici
Autore principale: Pálková, Patrícia (Autore)
Altri autori: Duchoň, František (Relatore della tesi)
Natura: Manoscritto Libro
Lingua:slovacco
Pubblicazione: Bratislava : STU v Bratislave FEI, 2023
Soggetti:
Accesso online:https://opac.crzp.sk/?fn=detailBiblioFormChildWBO83&sid=08878EB2E7E37CD0989B72C0752B&seo=CRZP-detail-kniha
Tags: Aggiungi Tag
Nessun Tag, puoi essere il primo ad aggiungerne!!

MARC

LEADER 00000ntm a22000003a 4500
001 stuzp91967
003 SK-STU
005 20241121103347.0
007 ta
008 150427s2015----xo-----f-mn---000-0-slo-d
040 |a STU  |b slo 
041 0 |a slo 
044 |a xo 
100 1 |a Pálková, Patrícia  |u 031000  |4 aut  |U FEI Fakulta elektrotechniky a informatiky  |T FEI Ústav robotiky a kybernetiky  |X 103084  |U E011  |Y 356  |7 103084 
242 0 1 |a Object Recognition for a Cleaning Robot with Usage of OpenCV Library  |y eng 
245 1 0 |a Rozpoznávanie predmetov pre čistiaci robot s využitím knižnice OpenCV 
260 |a Bratislava :  |b STU v Bratislave FEI,  |c 2023 
300 |a 88 s. 
650 4 |a čistiaci robot  |2 slo 
650 4 |a autonómnosť  |2 slo 
650 4 |a rozpoznávanie objektov  |2 slo 
650 4 |a OpenCV  |2 slo 
650 4 |a spracovanie obrazu  |2 slo 
650 4 |a zbieranie odpadkov  |2 slo 
650 4 |a Matlab  |2 slo 
650 4 |a Matlab Image Labeler  |2 slo 
650 4 |a Haar  |2 slo 
650 4 |a HOG  |2 slo 
650 4 |a matica zámien  |2 slo 
650 4 |a cleaning robot  |2 eng 
650 4 |a autonomy  |2 eng 
650 4 |a object recognition  |2 eng 
650 4 |a OpenCV  |2 eng 
650 4 |a image processing  |2 eng 
650 4 |a garbage collection  |2 eng 
650 4 |a Matlab  |2 eng 
650 4 |a Matlab Image Labeler  |2 eng 
650 4 |a Haar  |2 eng 
650 4 |a HOG  |2 eng 
650 4 |a confussion matrix  |2 eng 
700 1 |a Duchoň, František  |u 031000  |k Z1  |4 ths  |U FEI Fakulta elektrotechniky a informatiky  |T FEI Ústav robotiky a kybernetiky  |X 10329  |U E011  |Y 356  |7 A000010329 
856 4 |u https://opac.crzp.sk/?fn=detailBiblioFormChildWBO83&sid=08878EB2E7E37CD0989B72C0752B&seo=CRZP-detail-kniha